[Event "Druga liga - Vojvodina 2011"]
[Site "Vrbas"]
[Date "2011.10.02"]
[Round "11.3"]
[White "Torbica, Milos"]
[Black "Djonin, Bosko"]
[Result "1-0"]
[WhiteElo "2246"]
[BlackElo "2267"]
[PlyCount "81"]
[EventDate "2011.??.??"]
[Source "Perpetual Check"]

1. d4 Nf6 2. Nf3 d5 3. Bf4 c6 4. e3 Bf5 5. c4 e6 6. Nc3 Nbd7 7. Be2 Be7 8. O-O
O-O 9. Nh4 Bg6 10. Nxg6 hxg6 11. h3 Re8 12. cxd5 Nxd5 13. Nxd5 exd5 14. Qb3 Qb6
15. Qc2 a5 16. Rfd1 Nf8 17. Rd3 a4 18. Rb1 Ne6 19. Bh2 Nc7 20. b3 a3 21. b4 Nb5
22. Rdb3 Ra4 23. Bd3 Bf8 24. Bf4 Ra6 25. Qc1 Ra4 26. Qd1 Rea8 27. h4 Qd8 28.
Qg4 Qc8 29. Qe2 Qd7 30. Be5 Nc7 31. b5 Bd6 32. Bxd6 Qxd6 33. bxc6 bxc6 34. Rb6
Rc8 35. Qc2 Raa8 36. Rxc6 Qd8 37. Rc1 Qxh4 38. Rxc7 Rcb8 39. Rb1 Qd8 40. Qc6
Rb2 41. Rd7 1-0

[Event "Druga liga - Vojvodina 2011"]
[Site "Vrbas"]
[Date "2011.10.02"]
[Round "11.3"]
[White "Ratkovic, Milovan"]
[Black "Popov, Sinisa Dj"]
[Result "1/2-1/2"]
[WhiteElo "2177"]
[BlackElo "2131"]
[PlyCount "67"]
[EventDate "2011.??.??"]
[Source "Perpetual Check"]

1. d4 d5 2. c4 Nc6 3. e3 e5 4. dxe5 dxc4 5. Qxd8+ Kxd8 6. f4 Nb4 7. Na3 b5 8.
Nf3 a6 9. Bd2 Bf5 10. e4 Bxe4 11. Ng5 Bd5 12. O-O-O Nd3+ 13. Bxd3 cxd3 14. Ba5
Ke8 15. Rxd3 c6 16. e6 fxe6 17. Re1 Bd6 18. Nxe6 Kd7 19. f5 Re8 20. Nc2 Nh6 21.
Nxg7 Rxe1+ 22. Bxe1 Rf8 23. Ne3 Bf4 24. g3 Bxe3+ 25. Rxe3 Nxf5 26. Nxf5 Rxf5
27. g4 Rf1 28. Kd2 Bxa2 29. Ra3 Bb1 30. Rxa6 Rf3 31. Ra1 Be4 32. Ra3 Rxa3 33.
bxa3 Ke6 34. Kc3 1/2-1/2

[Event "Druga liga - Vojvodina 2011"]
[Site "Vrbas"]
[Date "2011.10.02"]
[Round "11.3"]
[White "Pletl, Akos"]
[Black "Ratkovic, Miloje"]
[Result "1-0"]
[WhiteElo "2251"]
[BlackElo "2135"]
[PlyCount "89"]
[EventDate "2011.??.??"]
[Source "Perpetual Check"]

1. d4 d5 2. c4 c6 3. Nf3 Nf6 4. Nc3 e6 5. Qb3 dxc4 6. Qxc4 b5 7. Qb3 a6 8. g3
Be7 9. Bg2 O-O 10. O-O Bb7 11. Rd1 Nbd7 12. Ne5 Nxe5 13. dxe5 Nd7 14. Be3 Qc7
15. f4 c5 16. Qc2 Bxg2 17. Kxg2 c4 18. a4 Nc5 19. axb5 axb5 20. Kh3 Qc6 21.
Bxc5 Bxc5 22. Ne4 h6 23. g4 Rxa1 24. Rxa1 Bd4 25. g5 hxg5 26. Nxg5 g6 27. Rd1
Be3 28. Kg3 Kg7 29. Ne4 b4 30. Kf3 Ba7 31. Rd6 Qb5 32. Qd2 Rh8 33. Rd7 Bc5 34.
Rc7 c3 35. bxc3 bxc3 36. Qd1 Bb4 37. Ng5 Qd5+ 38. Qxd5 exd5 39. e6 Rb8 40. exf7
Rb6 41. Rc8 Bf8 42. Rxc3 Rb8 43. Rc7 Kf6 44. Rd7 Bh6 45. f8=Q+ 1-0

[Event "Druga liga - Vojvodina 2011"]
[Site "Vrbas"]
[Date "2011.10.02"]
[Round "11.3"]
[White "Mitrovanov, Djordje"]
[Black "Lovre, Rajko"]
[Result "1/2-1/2"]
[WhiteElo "2134"]
[BlackElo "2221"]
[PlyCount "73"]
[EventDate "2011.??.??"]
[Source "Perpetual Check"]

1. e4 e6 2. d4 d5 3. Nd2 Nd7 4. Bd3 dxe4 5. Nxe4 Ngf6 6. Nf3 Be7 7. O-O O-O 8.
Qe2 b6 9. Bg5 Bb7 10. Rfe1 Nxe4 11. Bxe7 Qxe7 12. Bxe4 Bxe4 13. Qxe4 Nf6 14.
Qe2 c5 15. c3 Rac8 16. Rad1 c4 17. d5 Rfe8 18. dxe6 fxe6 19. Nd4 Kf7 20. Nb5
Rc6 21. Na3 Qc5 22. Rd4 b5 23. Qe5 Qxe5 24. Rxe5 a6 25. Nc2 Ke7 26. Ne3 Kf7 27.
g4 Re7 28. g5 Nd7 29. Ng4 Ke8 30. Re3 e5 31. Rde4 Rce6 32. f4 exf4 33. Rxe6
fxe3 34. Rxe3 Rxe3 35. Nxe3 Nc5 36. Kg2 Kd7 37. Kf3 1/2-1/2

[Event "Druga liga - Vojvodina 2011"]
[Site "Vrbas"]
[Date "2011.10.02"]
[Round "11.3"]
[White "Medar, Zeljko"]
[Black "Bucan, Vladimir"]
[Result "1-0"]
[WhiteElo "2219"]
[BlackElo "2104"]
[PlyCount "97"]
[EventDate "2011.??.??"]
[Source "Perpetual Check"]

1. d4 d5 2. Nf3 c6 3. c3 e6 4. Bf4 f5 5. e3 Nf6 6. Nbd2 Be7 7. Ne5 O-O 8. Bd3
Nbd7 9. h3 Nxe5 10. Bxe5 Bd6 11. Bxd6 Qxd6 12. f4 c5 13. Nf3 Bd7 14. Ne5 Qb6
15. Qe2 a6 16. a4 c4 17. Bb1 Rad8 18. g4 Bc8 19. gxf5 exf5 20. Rg1 Be6 21. Qg2
Qc7 22. Qg5 Ne8 23. Rg2 Rd6 24. Kf1 Qd8 25. Qh5 Qf6 26. Ng4 Qe7 27. Ne5 Bc8 28.
Bc2 g6 29. Qh6 Qg7 30. Qh4 Rb6 31. Bd1 Nf6 32. a5 Rd6 33. Bf3 Be6 34. Kg1 Rb8
35. Kh1 Nd7 36. Rag1 Nxe5 37. fxe5 Rc6 38. Qf4 b6 39. Bh5 Kf7 40. e4 Rd8 41.
exf5 Ke8 42. fxe6 Rxe6 43. Rf2 bxa5 44. Bg4 Re7 45. e6 Rb7 46. Rgf1 Rdb8 47. e7
Kxe7 48. Re2+ Kd8 49. Qd6+ 1-0

[Event "Druga liga - Vojvodina 2011"]
[Site "Vrbas"]
[Date "2011.10.02"]
[Round "11.3"]
[White "Petrovic, Lazar"]
[Black "Matijevic, Radovan"]
[Result "1-0"]
[WhiteElo "2113"]
[BlackElo "2170"]
[PlyCount "96"]
[EventDate "2011.??.??"]
[Source "Perpetual Check"]

1. d4 c6 2. Nf3 d5 3. e3 Bg4 4. Be2 e6 5. O-O Bd6 6. b3 Ne7 7. c4 O-O 8. Ba3
Ng6 9. Bxd6 Qxd6 10. Nc3 Qb4 11. Qd2 Nd7 12. cxd5 exd5 13. h3 Bxf3 14. Bxf3 f5
15. Bh5 Qd6 16. f4 Ne7 17. Bf3 Nf6 18. Rac1 Nc8 19. Na4 Qc7 20. Nc5 Nd6 21. Rc2
Rfe8 22. Re1 Qf7 23. Nd3 Nfe4 24. Qa5 Qe7 25. Ne5 Qh4 26. Bxe4 Nxe4 27. Rf1 a6
28. Nf3 Qf6 29. Ne5 Re7 30. Qe1 Rae8 31. g4 fxg4 32. hxg4 g6 33. Rh2 Rg7 34. g5
Qe7 35. Qh4 Nd6 36. Qh3 Nf5 37. Rf3 Qe6 38. Ng4 Rf8 39. Nh6+ Nxh6 40. Qxe6+ Nf7
41. Rfh3 Kh8 42. Rh4 Nd8 43. Qe5 Kg8 44. Qd6 Re8 45. R2h3 Nf7 46. Qc5 Nd8 47.
a4 Ne6 48. Qb6 Ree7 1-0

[Event "Druga liga - Vojvodina 2011"]
[Site "Vrbas"]
[Date "2011.10.02"]
[Round "11.4"]
[White "Sertic, Rudolf"]
[Black "Galyas, Miklos"]
[Result "1/2-1/2"]
[WhiteElo "2430"]
[BlackElo "2458"]
[PlyCount "120"]
[EventDate "2011.??.??"]
[Source "Perpetual Check"]

1. c4 c5 2. Nf3 Nc6 3. d4 cxd4 4. Nxd4 Qb6 5. e3 Nf6 6. Nc3 e6 7. Be2 Be7 8.
O-O O-O 9. b3 d5 10. Nxc6 bxc6 11. Bb2 Ba6 12. Na4 Qa5 13. Qc2 Rfd8 14. Rfd1
Rd7 15. Bd3 h6 16. Bc3 Qd8 17. Nb2 Bb7 18. Rab1 Bd6 19. c5 Bc7 20. b4 Qe7 21.
f4 e5 22. Bf5 Rdd8 23. Nd3 d4 24. exd4 exd4 25. Re1 Qf8 26. Bb2 Nd5 27. Bxd4
Nxf4 28. Bc3 Nd5 29. Be5 Re8 30. Bxc7 Nxc7 31. Ne5 Re7 32. Re4 Nd5 33. Rbe1 Nf6
34. Nd7 Rxd7 35. Bxd7 Rd8 36. Bf5 Nxe4 37. Qxe4 Bc8 38. Bxc8 Rxc8 39. Rd1 Rd8
40. Rxd8 Qxd8 41. Qxc6 Qd4+ 42. Kf1 Qa1+ 43. Ke2 Qxa2+ 44. Kd3 Qb3+ 45. Kd4
Qxb4+ 46. Kd5 Qd2+ 47. Ke5 a5 48. Qc8+ Kh7 49. Qf5+ Kg8 50. c6 Qd8 51. Qd7 Qb6
52. c7 Qc5+ 53. Ke4 f5+ 54. Kd3 Qa3+ 55. Kc4 Qb4+ 56. Kd5 Qe4+ 57. Kd6 Qd4+ 58.
Kc6 Qa4+ 59. Kd6 Qd4+ 60. Ke6 Qe4+ 1/2-1/2

[Event "Druga liga - Vojvodina 2011"]
[Site "Vrbas"]
[Date "2011.10.02"]
[Round "11.4"]
[White "Kolognat, Petar"]
[Black "Sekulic, Dusan"]
[Result "0-1"]
[WhiteElo "2284"]
[BlackElo "2302"]
[PlyCount "50"]
[EventDate "2011.??.??"]
[Source "Perpetual Check"]

1. e4 e5 2. Nf3 Nc6 3. Bb5 f5 4. Nc3 fxe4 5. Nxe4 d5 6. Nxe5 dxe4 7. Nxc6 Qg5
8. Qe2 Nf6 9. f4 Qxf4 10. Nxa7+ Bd7 11. Bxd7+ Kxd7 12. d4 e3 13. Nb5 Re8 14.
Nc3 Bb4 15. g3 Qf5 16. Rf1 Qa5 17. Kd1 Bxc3 18. bxc3 Qxc3 19. Rb1 Qxd4+ 20. Ke1
Qc3+ 21. Kd1 Kc8 22. Bb2 Rd8+ 23. Kc1 Qd2+ 24. Qxd2 exd2+ 25. Kd1 Ng4 0-1

[Event "Druga liga - Vojvodina 2011"]
[Site "Vrbas"]
[Date "2011.10.02"]
[Round "11.4"]
[White "Mijatovic, Dejan"]
[Black "Mastrapovic, Vladimir"]
[Result "1/2-1/2"]
[WhiteElo "2276"]
[BlackElo "2260"]
[PlyCount "36"]
[EventDate "2011.??.??"]
[Source "Perpetual Check"]

1. d4 Nf6 2. c4 g6 3. Nc3 d5 4. cxd5 Nxd5 5. Bd2 Bg7 6. Nf3 c5 7. e4 Nxc3 8.
Bxc3 cxd4 9. Bb5+ Bd7 10. Nxd4 O-O 11. Qa4 Nc6 12. Nxc6 Bxc3+ 13. bxc3 Bxc6 14.
Bxc6 bxc6 15. O-O Qc7 16. Rad1 Rfd8 17. Rd4 c5 18. Rxd8+ Rxd8 1/2-1/2

[Event "Druga liga - Vojvodina 2011"]
[Site "Vrbas"]
[Date "2011.10.02"]
[Round "11.4"]
[White "Marcak, Dejan"]
[Black "Lalic, Dragan"]
[Result "1/2-1/2"]
[WhiteElo "2154"]
[BlackElo "2308"]
[PlyCount "26"]
[EventDate "2011.??.??"]
[Source "Perpetual Check"]

1. e4 c5 2. Nf3 Nc6 3. d4 cxd4 4. c3 d5 5. exd5 Qxd5 6. cxd4 e6 7. Nc3 Qd8 8.
Bc4 Nf6 9. O-O Be7 10. d5 exd5 11. Nxd5 Nxd5 12. Bxd5 O-O 13. h3 Bf6 1/2-1/2

[Event "Druga liga - Vojvodina 2011"]
[Site "Vrbas"]
[Date "2011.10.02"]
[Round "11.4"]
[White "Sevo, Dusan"]
[Black "Bogic, Stevan"]
[Result "1/2-1/2"]
[WhiteElo "2268"]
[BlackElo "2202"]
[PlyCount "22"]
[EventDate "2011.??.??"]
[Source "Perpetual Check"]

1. e4 e5 2. Nf3 Nc6 3. Bb5 Bc5 4. O-O Nd4 5. Bc4 Nxf3+ 6. Qxf3 Nf6 7. d3 h6 8.
Nc3 Qe7 9. Be3 Bxe3 10. fxe3 c6 11. Kh1 g5 1/2-1/2

[Event "Druga liga - Vojvodina 2011"]
[Site "Vrbas"]
[Date "2011.10.02"]
[Round "11.5"]
[White "Nadj, Vladimir"]
[Black "Subotic, Srbislav"]
[Result "1/2-1/2"]
[WhiteElo "2156"]
[BlackElo "2177"]
[PlyCount "42"]
[EventDate "2011.??.??"]
[Source "Perpetual Check"]

1. e4 e6 2. d4 d5 3. exd5 exd5 4. Bf4 Bd6 5. Bxd6 Qxd6 6. c3 Ne7 7. Bd3 Bf5 8.
Nf3 Bxd3 9. Qxd3 Nd7 10. Nbd2 O-O 11. O-O c6 12. Rfe1 Rfe8 13. Ne5 Nxe5 14.
Rxe5 Ng6 15. Ree1 f6 16. Nf3 Kf7 17. Rxe8 Rxe8 18. Re1 Re6 19. Qf5 Qe7 20. Rxe6
Qxe6 21. Qxe6+ Kxe6 1/2-1/2

[Event "Druga liga - Vojvodina 2011"]
[Site "Vrbas"]
[Date "2011.10.02"]
[Round "11.5"]
[White "Cecaric, Milan"]
[Black "Zolotic, Zoran"]
[Result "1/2-1/2"]
[WhiteElo "1942"]
[BlackElo "2238"]
[PlyCount "20"]
[EventDate "2011.??.??"]
[Source "Perpetual Check"]

1. e4 g6 2. d4 Bg7 3. Nf3 d6 4. Nc3 Nf6 5. Bc4 O-O 6. O-O c6 7. h3 b5 8. Bd3
Bb7 9. a3 a6 10. Bg5 Qc7 1/2-1/2

[Event "Druga liga - Vojvodina 2011"]
[Site "Vrbas"]
[Date "2011.10.02"]
[Round "11.6"]
[White "Luketa, Milan"]
[Black "Somborski, Nebojsa"]
[Result "0-1"]
[WhiteElo "2121"]
[BlackElo "2355"]
[PlyCount "52"]
[EventDate "2011.??.??"]
[Source "Perpetual Check"]

1. e4 e5 2. Nf3 Nc6 3. Bc4 Nf6 4. d3 Be7 5. a3 O-O 6. Nc3 d6 7. h3 Be6 8. Nd5
h6 9. Be3 a6 10. Qd2 b5 11. Ba2 Re8 12. O-O Bf8 13. Qc3 Bxd5 14. Bxd5 Nxd5 15.
exd5 Ne7 16. Qb3 c6 17. dxc6 Qc7 18. Nd2 Qxc6 19. c3 Nf5 20. Rfe1 Re6 21. f3 d5
22. Bf2 Bc5 23. Qd1 Bxf2+ 24. Kxf2 Qb6+ 25. d4 exd4 26. Rxe6 fxe6 0-1

[Event "Druga liga - Vojvodina 2011"]
[Site "Vrbas"]
[Date "2011.10.02"]
[Round "11.6"]
[White "Vukic, Radivoj"]
[Black "Kracunov, Bozidar"]
[Result "1-0"]
[WhiteElo "2336"]
[BlackElo "2078"]
[PlyCount "71"]
[EventDate "2011.??.??"]
[Source "Perpetual Check"]

1. d4 Nf6 2. Nf3 e6 3. c4 d5 4. g3 c5 5. cxd5 exd5 6. Bg2 h6 7. O-O Nc6 8. Nc3
Be6 9. Qa4 Bd7 10. Qd1 Be6 11. Bf4 a6 12. Rc1 c4 13. Ne5 Rc8 14. e4 Be7 15.
Nxc4 dxe4 16. Nxe4 Nxe4 17. Bxe4 Nxd4 18. b3 Bxc4 19. Rxc4 Rxc4 20. bxc4 Nc6
21. Qa4 Qc8 22. Re1 Kf8 23. Rd1 Nd8 24. Qb3 Nc6 25. Rd5 g6 26. Qb2 Rh7 27. Bd6
f5 28. Qf6+ Kg8 29. Qxg6+ Rg7 30. Qxf5 Qxf5 31. Bxf5 Bf6 32. Bf4 Ne7 33. Be6+
Kh7 34. Rd7 b6 35. a4 Nc6 36. Bf5+ 1-0

[Event "Druga liga - Vojvodina 2011"]
[Site "Vrbas"]
[Date "2011.10.02"]
[Round "11.6"]
[White "Remecki, Sinisa"]
[Black "Farkas, Miso"]
[Result "1-0"]
[WhiteElo "2229"]
[BlackElo "2132"]
[PlyCount "83"]
[EventDate "2011.??.??"]
[Source "Perpetual Check"]

1. e4 c6 2. d4 b5 3. f4 g6 4. Nf3 Bg7 5. Bd3 a5 6. O-O Nf6 7. Qe1 Qb6 8. Kh1 b4
9. c4 bxc3 10. Nxc3 Ba6 11. Bxa6 Nxa6 12. Rb1 Nb4 13. Qh4 Qa6 14. Rd1 Rb8 15.
Be3 Nc2 16. Bg1 Nb4 17. a3 Nd3 18. Ne5 Nxe5 19. dxe5 Ng8 20. Rd2 f6 21. exf6
Nxf6 22. e5 Ng8 23. Rbd1 Rb7 24. Na4 Qc4 25. Nc5 Rb5 26. Rxd7 Rxc5 27. Bxc5
Qxc5 28. e6 Qb6 29. Qf2 Bd4 30. Qxd4 Qxd4 31. R1xd4 Kf8 32. Rd8+ Kg7 33. b4
axb4 34. Rxb4 h5 35. a4 h4 36. a5 Rh5 37. Ra4 Rb5 38. Kg1 Nf6 39. Rd1 Nd5 40.
a6 Rb8 41. a7 Ra8 42. Rb1 1-0

[Event "Druga liga - Vojvodina 2011"]
[Site "Vrbas"]
[Date "2011.10.02"]
[Round "11.6"]
[White "Milovic, Nikola"]
[Black "Erski, Dragan"]
[Result "0-1"]
[WhiteElo "1967"]
[BlackElo "2167"]
[PlyCount "134"]
[EventDate "2011.??.??"]
[Source "Perpetual Check"]

1. Nf3 Nf6 2. c4 c5 3. g3 Nc6 4. Nc3 g6 5. Bg2 Bg7 6. O-O O-O 7. d4 cxd4 8.
Nxd4 Qb6 9. Nc2 d6 10. Ne3 Be6 11. Ned5 Bxd5 12. Nxd5 Nxd5 13. cxd5 Ne5 14. Rb1
Qa6 15. a3 Rac8 16. b3 Rc7 17. Bb2 Nd7 18. Rc1 Rfc8 19. Rxc7 Rxc7 20. Bc1 Nc5
21. Bf3 Qb5 22. b4 Na4 23. Re1 Nc3 24. Qb3 a5 25. e3 a4 26. Qc2 Nxd5 27. Qd2
Bc3 28. Qe2 Qxe2 29. Rxe2 Bf6 30. Bxd5 Rxc1+ 31. Kg2 b6 32. Ra2 e6 33. Bb7 Ra1
34. Rxa1 Bxa1 35. Bc6 Bb2 36. Bxa4 Bxa3 37. b5 d5 38. Kf1 Kf8 39. Ke2 Ke7 40.
Kd3 Kd6 41. Kd4 Bb2+ 42. Kd3 Kc5 43. Bd1 Kxb5 44. Kc2 Ba1 45. Kb3 Kc5 46. Be2
b5 47. h3 h6 48. g4 Bf6 49. Bd3 Bh4 50. f3 Be1 51. Be2 f5 52. gxf5 exf5 53. Kc2
b4 54. Kd3 b3 55. Bd1 b2 56. Bc2 Bh4 57. Bb1 Bf6 58. e4 dxe4+ 59. fxe4 f4 60.
Bc2 Bd4 61. Ke2 Be5 62. Kd3 Kb4 63. Bb1 Kb3 64. Kd2 g5 65. Kd3 h5 66. Kd2 g4
67. hxg4 hxg4 0-1